Normal view
MARC view
- Blank, Leland, Tarquin, Anthony
Entry Personal Name
001 - CONTROL NUMBER
- control field: 66246
003 - CONTROL NUMBER IDENTIFIER
- control field: NUST
005 - DATE AND TIME OF LATEST TRANSACTION
- control field: 20210628203545.0
008 - FIXED-LENGTH DATA ELEMENTS
- fixed length control field: 210628|| aca||aabn | a|a d
040 ## - CATALOGING SOURCE
- Original cataloging agency: NUST
- Transcribing agency: NUST
100 ## - HEADING--PERSONAL NAME
- Personal name: Blank, Leland, Tarquin, Anthony
670 ## - SOURCE DATA FOUND
- Source citation: Work cat.: (NUST): Blank, Leland, Tarquin, Anthony, Basics of engineering economy, 2008
